000
00458nam a2200133Ia 4500
008
100328s9999 xx 000 0 und d
082
_b
17250
100
_a
गिरीश
245
_a
सिन्हा सदन की सुंदरी
260
_b
पी.पी.बी. जर्नल्स
630
_a
सिन्हा सदन की सुंदरी
730
_a
सिन्हा सदन की सुंदरी
942
_c
BOOK
999
_c
511848
_d
511845